Fast Food Slogans Quiz Stats

 Plays Quiz Updated Apr 14, 2016

Score 0/14 Timer 03:00
0 Plays Today
Slogan Restaurant % Correct
I'm Lovin' It!McDonald's
98.4%
Eat Fresh.Subway
94.7%
Live MásTaco Bell
80.1%
Have It Your WayBurger King
78.6%
Better Ingredients. Better Pizza.Papa John's
77.1%
Eat Mor ChikinChick-fil-a
65.3%
Pizza! Pizza!Little Caesars
56.9%
Slogan Restaurant % Correct
MMMMMM... Toasty!Quiznos
55.7%
America's Drive-InSonic Drive-In
52%
Now That's BetterWendy's
39.1%
Come Hungry. Leave Happy.IHOP
24.9%
The Flavor of NOWPizza Hut
19.8%
So GoodKFC
19.1%
We don't make it until you order it.Jack in the Box
7.7%

You're not logged in!

Compare scores with friends on all Sporcle quizzes.
OR
Log In

Sporcle TV

Today on Sporcle TV


Watch our educational content, quiz creation guides, and fun videos on Sporcle TV.

Show Comments

Extras

Top Quizzes Today


Score Distribution

Your Account Isn't Verified!

In order to create a playlist on Sporcle, you need to verify the email address you used during registration. Go to your Sporcle Settings to finish the process.

Report this User

Report this user for behavior that violates our Community Guidelines.

Details: